Geografické informačné systémy v priestorovom plánovaní /

Gespeichert in:
Bibliographische Detailangaben
Hauptverfasser: Šinka, Karol (Verfasst von), Muchová, Zlatica (Verfasst von), Konc, Ľubomír (Verfasst von)
Format: Buch
Sprache:Slowakisch
Veröffentlicht: Nitra: Slovenská poľnohospodárska univerzita, 2015
Ausgabe:1. vyd.
Schlagworte:
Tags: Tag hinzufügen
Keine Tags, Fügen Sie das erste Tag hinzu!

MARC

LEADER 00000nam a22000003a 4500
001 0099142
003 SK-STU
005 20221214084329.3
007 ta
008 221214s ----xo-----e------000-0-----d
020 |a 978-80-552-1444-3 
040 |a STU  |b slo 
041 0 |a slo  |h slo 
044 |a xo 
100 1 |a Šinka, Karol  |4 aut 
245 1 0 |a Geografické informačné systémy v priestorovom plánovaní /  |c aut. Karol Šinka, Zlatica Muchová, Ľubomír Konc 
250 |a 1. vyd. 
260 |a Nitra:  |b Slovenská poľnohospodárska univerzita,  |c 2015 
300 |a 325 s. 
650 0 7 |a GIS 
650 0 7 |a digitálny model reliéfu 
650 0 7 |a hydrologické modelovanie 
650 0 7 |a vodná erózia pôdy 
700 1 |a Muchová, Zlatica  |4 aut 
700 1 |a Konc, Ľubomír  |4 aut 
996 |c V* 53467/O-24627  |l VV6  |s P  |a 0  |w 0099142_0001